000 00647nam a2200181Ia 4500
008 090124s9999 xx 000 0 und d
082 _b37159
100 _aडहाके वसंत आबाजी
245 _a यात्रा : अंतर्यात्रा
250 _a1
260 _bशब्द प्रकाशन
_c1999
300 _a168
600 _aडहाके वसंत आबाजी
630 _a यात्रा : अंतर्यात्रा
700 _aडहाके वसंत आबाजी
730 _a यात्रा : अंतर्यात्रा
942 _cBOOK
999 _c103065
_d103065